Score 0/17 Timer 01:00
0 Plays Today
% Correct
Japan
95.5%
Italy
95.4%
Ireland
94.4%
India
93.9%
Israel
93.3%
Kuwait
92.1%
Jamaica
91.3%
Kenya
90%
Iceland
89.5%
% Correct
Iran
87%
Iraq
86.8%
Indonesia
84.5%
Jordan
76%
Kosovo
65.2%
Kiribati
62.3%
Kazakhstan
57.4%
Kyrgyzstan
55%

Today's Daily Dose

Missing Word
Train Books

Word Ladder
Piano Man

Quick Pick
Google Products

Get the Picture
Moana or Coco

Remove Ads.
Support Sporcle.
Get the best of Sporcle when you Go Orange. This ad-free experience offers more features, more stats, and more fun while also helping to support Sporcle. Thank you for becoming a member.

You're not logged in!

Compare scores with friends on all Sporcle quizzes.
OR
Log In

Show Comments

Extras

Top Quizzes Today


Score Distribution

Your Account Isn't Verified!

In order to create a playlist on Sporcle, you need to verify the email address you used during registration. Go to your Sporcle Settings to finish the process.

Report this User

Report this user for behavior that violates our Community Guidelines.

Details: